| 000 | 00766nab a22002417a 4500 | ||
|---|---|---|---|
| 001 | 07314 | ||
| 003 | HDC | ||
| 007 | cr bn ---aaaaa | ||
| 008 | 210127c20170105my ||||| |||| 00| 0 may d | ||
| 040 | _aHDC | ||
| 100 |
_aFatin Farhana Japre, _eauthor _97830 |
||
| 245 | 0 |
_aKeistimewaan gaharu / _cFatin Farhana Japre |
|
| 336 |
_atext _2rdacontent |
||
| 337 |
_acomputer _2rdamedia |
||
| 338 |
_aonline resource _2rdacarrier |
||
| 650 |
_aAgarwood _97831 |
||
| 650 |
_aEssences and essential oil _97832 |
||
| 710 | _aHarian Metro | ||
| 856 | _zRequest full-text at [email protected] | ||
| 942 | _2lcc | ||
| 942 | _cNEWS | ||
| 942 | _kNWSC 001969 | ||
| 999 |
_c4638 _d4638 |
||